[Event "Winnipeg TNT January op"]
[White "Mundwiler, Les"]
[Black "Mousseau, Chuck"]
[Site "Winnipeg"]
[Round "2"]
[Result "0-1"]
[Date "2011.01.11"]
[WhiteElo "2029"]
[BlackElo "1742"]
[PlyCount "82"]
[EventDate "2011.01.04"]
[EventType "swiss"]
[EventRounds "4"]
[EventCountry "CAN"]
[SourceTitle "EXT 2022"]
[Source "ChessBase"]
[SourceDate "2021.10.06"]
[SourceVersion "1"]
[SourceVersionDate "2021.10.06"]
[SourceQuality "1"]

1. d4 d5 2. Nf3 Nc6 3. g3 Bf5 4. Bg2 Nb4 5. Na3 e6 6. 0-0 Qd7 7. Ne5 Qa4 8. b3 Qa6 9. c4 f6 10. Nb5 Qb6 11. a3 fxe5 12. axb4 c6 13. Nd6+ Bxd6 14. c5 Qxb4 15. cxd6 Qxd4 16. Bd2 Nf6 17. Qc1 Nd7 18. Ra5 0-0 19. Bc3 Qb6 20. e4 Bg4 21. Qd2 d4 22. Bb2 c5 23. f4 Qxd6 24. b4 b6 25. bxc5 bxc5 26. Ba3 Qc7 27. h3 Bh5 28. g4 Bf7 29. Rc1 Rfc8 30. f5 c4 31. Ra6 c3 32. Qd3 exf5 33. exf5 Bc4 34. Qg3 Bxa6 35. Bd5+ Kh8 36. g5 d3 37. Rf1 d2 38. f6 gxf6 39. g6 Rg8 40. Bf7 Bxf1 41. Qh4 Rg7 0-1

[Event "Winnipeg TNT January op"]
[White "Mousseau, Chuck"]
[Black "Czarny, Keith"]
[Site "Winnipeg"]
[Round "2"]
[Result "0-1"]
[Date "2010.01.12"]
[WhiteElo "1900"]
[BlackElo "1580"]
[PlyCount "104"]
[EventDate "2010.01.05"]
[EventType "swiss"]
[EventRounds "4"]
[EventCountry "CAN"]
[SourceTitle "EXT 2011"]
[Source "ChessBase"]
[SourceDate "2010.11.26"]
[SourceVersion "1"]
[SourceVersionDate "2010.11.26"]
[SourceQuality "1"]

1. e4 e6 2. d4 b6 3. c3 Bb7 4. Bd3 Nf6 5. Bg5 Be7 6. Nd2 d6 7. f4 Nbd7 8. Ngf3 Ng4 9. h3 Bxg5 10. Nxg5 Ngf6 11. 0-0 Qe7 12. Qe2 h6 13. Ngf3 Nh5 14. Qe3 0-0-0 15. a4 e5 16. fxe5 dxe5 17. Nxe5 Nxe5 18. dxe5 Qd7 19. Rf3 a5 20. Nb3 g5 21. Nd4 Nf4 22. Rxf4 gxf4 23. Qxf4 c5 24. Bb5 Qe7 25. Nf5 Qe6 26. Nd6+ Rxd6 27. exd6 Qxe4 28. d7+ Kd8 29. Qxe4 Bxe4 30. g4 f5 31. Re1 Rg8 32. Kh2 h5 33. Kg3 hxg4 34. Rxe4 fxe4 35. hxg4 Rf8 36. Bc6 e3 37. Bb5 Rf7 38. g5 e2 39. Bxe2 Kxd7 40. g6 Rg7 41. Bd3 Ke7 42. Kf4 Kf6 43. c4 Rd7 44. Ke3 Rd4 45. b3 Rh4 46. Kd2 Rh2+ 47. Kc3 Rg2 48. Be4 Rg3+ 49. Bd3 Ke5 50. Kd2 Kd4 51. Bc2 Rg2+ 52. Kd1 Kc3 0-1

[Event "Winnipeg TNT January op"]
[White "Wasserman, Leor"]
[Black "Mousseau, Chuck"]
[Site "Winnipeg"]
[Round "3"]
[Result "1-0"]
[Date "2010.01.12"]
[WhiteElo "1723"]
[BlackElo "1900"]
[PlyCount "41"]
[EventDate "2010.01.05"]
[EventType "swiss"]
[EventRounds "4"]
[EventCountry "CAN"]
[SourceTitle "EXT 2011"]
[Source "ChessBase"]
[SourceDate "2010.11.26"]
[SourceVersion "1"]
[SourceVersionDate "2010.11.26"]
[SourceQuality "1"]

1. e4 d5 2. exd5 Qxd5 3. Nc3 Qa5 4. Nf3 Bf5 5. d4 c6 6. Bf4 e6 7. a3 Nf6 8. Be2 Nd5 9. Bd2 Qc7 10. 0-0 Bd6 11. Re1 0-0 12. h3 Nd7 13. Nh4 Bg6 14. Nxg6 fxg6 15. Bg4 Bh2+ 16. Kh1 Rxf2 17. Bxe6+ Kh8 18. Nxd5 cxd5 19. Be3 Rxg2 20. Kxg2 Qg3+ 21. Kh1 1-0